|
|
|
|
| LEADER |
00000naa2a2200000 4500 |
| 001 |
150199 |
| 005 |
20231031150125.0 |
| 035 |
|
|
|a (RuTPU)RU\TPU\book\162814
|
| 090 |
|
|
|a 150199
|
| 100 |
|
|
|a 20081226d2003 k y0rusy50 ca
|
| 101 |
0 |
|
|a rus
|
| 102 |
|
|
|a RU
|
| 200 |
1 |
|
|a 100 лет со дня рождения профессора П. А. Удодова - основателя Сибирской гидрогеохимической школы
|f С. Л. Шварцев
|
| 320 |
|
|
|a Библиогр.: с. 227 (3 назв.)
|
| 463 |
|
0 |
|0 (RuTPU)RU\TPU\book\65801
|y 5-98298-043-9
|t Проблемы геологии и освоения недр
|o Труды Седьмого Международного научного симпозиума им. академика М. А. Усова студентов и молодых ученых, посвященного 140-летию со дня рождения академика, Лауреата Ленинской и Государственных премий СССР, Почётного Президента Географического общества СССР В. А. Обручева
|f Российское геологическое общество; Томский политехнический университет; Под ред. Г. М. Ивановой
|v С. 226-227
|d 2003
|p 850 с.
|
| 600 |
|
1 |
|a Удодов
|b П. А.
|f 1903-1981
|g Павел Афанасьевич
|c российский ученый
|c геохимик
|c профессор Томского политехнического института
|y Томск
|2 stltpush
|3 (RuTPU)RU\TPU\pers\9241
|
| 610 |
1 |
|
|a труды учёных ТПУ
|
| 700 |
|
1 |
|a Шварцев
|b С. Л.
|c российский гидрогеолог, доктор геолого-минералогических наук
|c профессор Томского политехнического университета, академик РАЕН
|f 1936-
|g Степан Львович
|2 stltpush
|3 (RuTPU)RU\TPU\pers\25914
|4 070
|
| 801 |
|
1 |
|a RU
|b 63413507
|c 20081226
|g PSBO
|
| 801 |
|
2 |
|a RU
|b 63413507
|c 20111106
|g PSBO
|
| 942 |
|
|
|c BK
|